000
00338nam a2200133Ia 4500
008
240624s9999 xx 000 0 und d
041
_a
eng
082
_a
658.4 SHA
100
_a
SHAPIRA ZUR
245
_a
ORGANIZATIONAL DECISION MAKING
260
_c
2002
_a
Cambridge
_b
Cambridge University Press
300
_a
412 : p.
365
_c
BPS
_b
27
999
_c
15839
_d
15839